Logo de la biblioteca USCO

La Industria de los medios masivos de comunicacion en Colombia (Record no. 1296)

000 -CABECERA
campo de control de longitud fija 00945nam a22002177a 4500
003 - NÚMERO DE CONTROL
campo de control CO-NeUS
005 - FECHA Y HORA DE ACTUALIZACIÓN
005 20180426062621.0
008 - LONGITUD FIJA
campo de control de longitud fija 131105b ck ||||| |||| 00| 0 spa d
020 ## - INTERNATIONAL STANDARD BOOK NUMBER
ISBN 9589272037
040 ## - FUENTE DE CATALOGACIÓN
Centro catalogador/agencia de origen CO-NeUS
Lengua de catalogación español
Centro/agencia transcriptor CO-NeUS
100 1# - AUTOR PERSONAL
nombre Herran, María Teresa
relación Autor
9 (RLIN) 49709
245 10 - TÍTULO PROPIAMENTE DICHO
título La Industria de los medios masivos de comunicacion en Colombia
Mención de responsabilidad, etc. Maria Teresa Herran
250 ## - EDICIÓN
edición 2ª edición . ampliada
264 ## - PIE DE IMPRENTA
lugar (ciudad) Santafe de Bogota
editorial FESCOL
fecha 1991
300 ## - DESCRIPCIÓN FÍSICA
Extensión 365 paginas.
520 ## - RESUMEN
Resumen El estudio del Centro de Investigaciones para el Desarrollo de la Facultad de Economia de la Universidad Nacional, dirigido por Maria Teresa Herran, muestra bajo otro enfoque -el economico- uno de los elementos esenciales de la democracia, el periodismo.
082 04 - CLASIFICACIÓN DECIMAL DEWEY
Clasificación 302.23861
Clave de autor H271
650 14 - MATERIA GENERAL
Término de materia o nombre geográfico como elemento inicial Medios de comunicación de masas
Subdivisión geográfica Colombia
9 (RLIN) 116130
650 14 - MATERIA GENERAL
Término de materia o nombre geográfico como elemento inicial Politica y medios de comunicacion de masas
9 (RLIN) 128097
942 ## - PUNTO DE ACCESO ADICIONAL KOHA
Tipo de ítem koha Libros

No items available.

Powered by Koha